|
|
|
|
| LEADER |
00000cam a2200000 a 4500 |
| 005 |
20111201143835.0 |
| 007 |
cr|||| |||| |
| 008 |
100422s2010 spc 000 0 spa c |
| 017 |
|
|
|a DL B. 16553-2010
|a DL B. 16266-2010
|a DL B. 16553-2010
|b Biblioteca de Catalunya
|
| 020 |
|
|
|a 9788476989050
|
| 035 |
|
|
|a 6034
|
| 040 |
|
|
|d vLex
|
| 080 |
|
|
|a 336.226.11(460)
|
| 090 |
|
|
|c 2811
|d 2811
|
| 245 |
0 |
3 |
|a La Reforma del Impuesto sobre la Renta de las Personas Fs̕icas
|h [Recurso electrn̤ico] /
|c coordinadores: Ana Mara̕ Delgado Garca̕, Rafael Oliver Cuello ; Pedro Jos ̌Carrasco Parrilla ... [et al.]
|
| 256 |
|
|
|a Servicio en ln̕ea
|
| 260 |
|
|
|a Barcelona :
|b J.M. Bosch Editor,
|c 2010
|
| 300 |
|
|
|a 1 recurso electrn̤ico
|
| 500 |
|
|
|a Reimpr.: 2010
|
| 504 |
|
|
|a Bibliografa̕: 173-195
|
| 506 |
1 |
|
|a Contenido solo disponible en los productos indicados
|d vLex Global
|d vLex Global (Academic Edition, excluding Law Schools)
|d vLex Global (U.S. Academic Edition, Law Schools)
|d vLex Global (U.S. Academic Edition, excluding Law Schools)
|d vLex Global (Academic Edition, Law Schools)
|
| 650 |
0 |
4 |
|a Impuestos sobre la renda
|z Espaą
|
| 650 |
0 |
4 |
|a Impuestos sobre la renda
|z Espaą
|
| 650 |
0 |
4 |
|a Polt̕ica fiscal
|
| 651 |
|
4 |
|a Espaą
|x Polt̕ica fiscal
|
| 651 |
|
4 |
|a Espaą
|x Polt̕ica fiscal
|
| 700 |
1 |
|
|a Delgado Garca̕, Ana Mara̕,
|e coor.
|
| 700 |
1 |
|
|a Oliver Cuello, Rafael,
|e coor.
|
| 700 |
1 |
|
|a Carrasco Parrilla, Pedro Još
|
| 740 |
0 |
|
|a vLex Libros (Servicio en ln̕ea)
|
| 830 |
|
0 |
|a Bosch fiscalidad
|
| 856 |
4 |
0 |
|u http://vlex.com/source/reforma-impuesto-renta-personas-fisicas-6034
|z Acceso restringido
|
| 942 |
|
|
|c BOOK
|
| 999 |
0 |
|
|a Taxation
|
| 999 |
0 |
|
|a Income tax
|